Music Quiz

Random Music or Letter Quiz
Score 0/20 Timer 04:00
2 Plays Today
Song (Year) Band % Correct
With or Without You (1987)U2
94.2%
Africa (1982)Toto
93%
Wonderwall (1995)Oasis
89.9%
More Than a Feeling (1976)Boston
76.3%
Go Your Own Way (1977)Fleetwood Mac
75.6%
(Don't Fear) The Reaper (1976)Blue Öyster Cult
67.3%
Black Hole Sun (1994)Soundgarden
66.4%
Come On Eileen (1982)Dexys Midnight Runners
64%
Feel Good Inc. (2005)Gorillaz
63.8%
The Joker (1973)Steve Miller Band
63.6%
Song (Year) Band % Correct
How You Remind Me (2001)Nickelback
59.9%
Any Way You Want It (1981)Journey
58.1%
Owner of a Lonely Heart (1983)Yes
57.9%
Cold As Ice (1977)Foreigner
57%
Killing in the Name (1991)Rage Against the Machine
54.1%
She Drives Me Crazy (1989)Fine Young Cannibals
44.6%
Semi-Charmed Life (1997)Third Eye Blind
43%
Listen to the Music (1972)The Doobie Brothers
32.9%
No One Knows (2002)Queens of the Stone Age
26.8%
I Will Follow You Into the Dark (2005)Death Cab for Cutie
20.9%

You're not logged in!

Compare scores with friends on all Sporcle quizzes.
OR
Log In

From the Vault

They Call Me 'JC'

by THEJMAN

The best part of this quiz is that all of these people could share the same monogrammed towels.
Remove Ads.
Support Sporcle.
Get the best of Sporcle when you Go Orange. This ad-free experience offers more features, more stats, and more fun while also helping to support Sporcle. Thank you for becoming a member.

Show Comments

Extras

Top Quizzes Today


Score Distribution

Your Account Isn't Verified!

In order to create a playlist on Sporcle, you need to verify the email address you used during registration. Go to your Sporcle Settings to finish the process.

Report this User

Report this user for behavior that violates our Community Guidelines.

Details: